000 00911cab a2200301 4500
001 WB3308-32
008 090401t1997 xxu||||| |||| 00| 0 eng d
035 _a(Sirsi) u55621
041 _aeng
245 _aArmy contracts out
260 _c1997
350 _a0
490 _aTimes
_v21 February 1997, 29(1)
520 _aA private consortium has been awarded a £200m contract to provide the Aldershot garrison with the management of all non-military operations.
650 _aALDERSHOT
650 _aBRITISH ARMY
650 _aCOMPETING FOR QUALITY INITIATIVE
650 _aCONTRACTING OUT
650 _aDEFENCE SECTOR
650 _aFACILITIES MANAGEMENT
_96240
650 _aMINISTRY OF DEFENCE
650 _aNON-MILITARY OPERATIONS
650 _aPRIMARY MANAGEMENT
650 _aSUPPORT SERVICES
690 _aOFFICE SERVICES AND ADMINISTRATION
942 _n0
948 _c04/03/1997
999 _c33997
_d33997